| 000 | 00476 a2200169 4500 | ||
|---|---|---|---|
| 003 | Nust | ||
| 005 | 20170207171536.0 | ||
| 040 | _cNust | ||
| 082 | _a621.382 | ||
| 100 | _aAli, Malik Ahsan.(MSEE-17) | ||
| 245 |
_aSelection of VOIP Codec’s for Different Networks Based on Quality of Service (QOS) Analysis _cMalik Ahsan Ali |
||
| 260 |
_arawalpindi _bMCS,NUST _caugust,2015 |
||
| 300 | _axii,61p. | ||
| 538 | _aAlmirah No.69 Shelf No.5 | ||
| 650 | _aPG Thesis | ||
| 651 | _aMSEE-17 | ||
| 942 | _cTHS | ||
| 999 |
_c217265 _d217265 |
||